Statistiken für Chemie: Elemente erraten #4

Klicken Sie hier um das Quiz zu spielen!

Allgemein

  • Dieses Quiz wurde 52 mal gespielt
  • Das Durchschnittsergebnis liegt bei 7 aus 11

Antwortstatistiken

Element% Korrekt
Zinn
98%
Chlor
93%
Xenon
93%
Argon
70%
Aluminium
67%
Indium
61%
Sauerstoff
46%
Bismut
39%
Polonium
39%
Strontium
39%
Rubidium
35%

Verteilung der Resultate

Perzentil nach korrekt beantworteten Fragen

Anzahl Personen mit jedem Resultat

Ihre Resultats-Entwicklung

Sie haben dieses Quiz noch nicht gespielt